| 000 | 00395nam a2200145Ia 4500 | ||
|---|---|---|---|
| 008 | 230917s9999||||xx |||||||||||||| ||und|| | ||
| 040 |
_e137483 _aMAIN |
||
| 041 | _aEnglish | ||
| 082 | _a004.77 S53S | ||
| 100 | _aSmith, Curtis L | ||
| 245 | 0 | _aSAMS teach yourself database programming with Visual Basic 6 in 21days | |
| 260 |
_aNew Delhi _bTechmedia _c1999 |
||
| 300 | _a882 p. | ||
| 942 | _cBK | ||
| 999 |
_c106897 _d106897 |
||